| 000 | 00589cam a2200241ua 4500 | ||
|---|---|---|---|
| 020 | _c4.20 | ||
| 041 |
_aeng _h |
||
| 082 |
_a604.2 _bPAR/FI |
||
| 100 | _aParkinson, A.C . | ||
| 245 |
_aFirst year engineering drawing / _cA.C.Parkinson. _hTextual Documents |
||
| 250 |
_a6 / _b. |
||
| 260 |
_aLondon : _bThe English Language book society , _c1966. |
||
| 300 | _a190 ; . | ||
| 365 | _a4.20 | ||
| 504 | _a | ||
| 942 | _cBK | ||
| 999 |
_c1850 _d1850 |
||